000 01617cam a2200373 a 4500
999 _c127157
_d127157
001 14049293
003 ARRUPE
005 20171027081535.0
008 050722s2006 nyu 000 1 eng
010 _a 2005052416
020 _a0871139294 (hardcover)
040 _aDLC
_cDLC
_dDLC
043 _aa-ii---
050 0 0 _aPS3554.E82
_bI54 2006
082 0 0 _a813/.54
_222
100 1 _aDesai, Kiran,
_d1971-
_937303
245 1 4 _aThe inheritance of loss /
_cKiran Desai.
250 _a1st ed.
260 _aNew York :
_bAtlantic Monthly Press,
_cc2006.
300 _a324 p. ;
_c24 cm.
650 0 _aGrandparent and child
_vFiction.
_937304
650 0 _aJudges
_xRetirement
_vFiction.
_937305
650 0 _aTutors and tutoring
_vFiction.
_937306
650 0 _aEthnic relations
_vFiction.
_91551
650 0 _aTeenage girls
_vFiction.
_937265
650 0 _aGrandfathers
_vFiction.
_937307
650 0 _aOlder men
_vFiction.
_94013
650 0 _aOrphans
_vFiction.
_937283
651 0 _aKānchenjunga (Nepal and India)
_vFiction.
_937308
655 7 _aPsychological fiction.
_2lcsh
_93218
655 7 _aDomestic fiction.
_2lcsh
_937309
906 _a7
_bcbc
_corignew
_d1
_eocip
_f20
_gy-gencatlg
942 _2lcc
_cMONOGRAPH